00920nam a2200253 a 450000100060000000300080000600500170001400800410003102000390007203500190011104000350013004100080016508200250017324500600019826000340025830000340029250400540032665000230038065000290040370000510043294200120048399900170049595201540051262243BD-RjUL20211209081047.0170123s1994 nyua b 000 0 eng d a0415907810 (hard : acidfree paper) a(BD-RjUL)62369 aBD-RjULcBD-RjULdBD-RjULbeng aeng00a801.95223bNEW 199404aThe New historicism reader /cedited by H. Aram Veeser. aNew York :bRoutledge,c1994. avii, 376 p. :bill. ;c23 cm. aIncludes bibliographical references (p. 370-375). 0aCriticism.9170811 0aNew Historicism.91851471 aVeeser, H. Aramq(Harold Aram),d1950-9185148 2ddccBK c62243d62243 00102ddc40718NFICaRUCLbRUCLcReadingd2001-03-31eDhaka, Ankur Prakashanig892.00l0o801.95 NEW 1994r2017-01-23 00:00:00tC-1w2017-01-23yBK